| 000 | 01272nam a2200337 i 4500 | ||
|---|---|---|---|
| 001 | 000022363 | ||
| 003 | DO-SdBNP | ||
| 005 | 20260416132145.0 | ||
| 007 | ta | ||
| 008 | 101005s1994 dr 001 0 spa d | ||
| 040 |
_aDO-SdBNP _bspa _cBNPHU _erda |
||
| 041 | _aspa | ||
| 082 | 4 |
_a972.93054 _bG277t 1994 _222 |
|
| 100 | 1 |
_aGautreaux Piñeyro, Bonaparte, _d1937- _eautor _929089 _4aut. |
|
| 245 | 1 | 3 |
_aEl tiempo de la tormenta : _bBosch, Caamaño y el PRD / _cBonaparte Gautreaux Piñeyro. |
| 250 | _aSegunda edición | ||
| 264 | 4 |
_aSanto Domingo, República Dominicana : _bEditora de Colores, _c©1994. |
|
| 300 |
_a141 páginas ; _c21 cm. |
||
| 336 |
_atexto _btxt _2rdacontent |
||
| 337 |
_asin mediación _bn _2sin mediación |
||
| 338 |
_avolumen _bnc _2rdacarrier |
||
| 500 | _aIncluye datos biográficos del autor en la contracubierta. | ||
| 590 | _aInventariado, 2019/MFF | ||
| 600 | 1 | 0 |
_a Bosch, Juan, _d1909-2001 _976555 |
| 600 | 1 | 4 |
_aCaamaño Deñó, Francisco Alberto, _d1932-1973 _910026 |
| 610 | 2 | 7 |
_aPartido Revolucionario Dominicano _95214 |
| 651 | 0 |
_aRepública Dominicana _xPolítica y gobierno _945 |
|
| 651 | 4 |
_aRepública Dominicana _xHistoria _yRevolución, 1965 _92167 |
|
| 910 | _aValidado. Control de la calidad EMS. | ||
| 942 |
_2ddc _cLBS1 |
||
| 999 |
_c21861 _d21861 |
||